Top 16 Countries by Lowest Altitude - Statistics

General Stats
  • This quiz has been taken 48 times
  • The average score is 6 of 16
Answer Stats
Altitude Country % Correct
-428m Israel
74%
-428m Jordan
71%
-85.5m USA
71%
-154m China
62%
-132m Kazakhstan
55%
-133m Egypt
38%
-81m Turkmenistan
38%
-214m Syria
36%
-155m Djibouti
29%
-125m Ethiopia
29%
-47m Libya
24%
-75m Eritrea
21%
-40m Algeria
17%
-55m Morocco
12%
-105m Argentina
10%
-45m DominicanRepublic
2%
No matching quizzes found
Score Distribution
Percent of People with Each Score
Percentile by Number Answered
Your Score History
You have not taken this quiz